000 00900nam a2200253Ia 4500
003 OSt
005 20220923223440.0
006 a|||||r|||| 00| 0
007 ta
008 220922b |||||||| |||| 00| 0 hin d
024 _a215,779
037 _cTextual
040 _aARTS
_cARTS
_bhin
041 _2hin
_ahin
082 _aO152,2M89:g, N7
100 _aतनेजा, सत्येन्द्र कुमार
245 0 _aनाटककार जयशंकर प्रसाद
246 _aNāṭakakār jayashankar prasāda
260 _aनई दिल्ली
_b राधाकृष्ण प्रकाशन
_c1997
300 _a572 पृ.
_ccm.
650 _aहिन्दी साहित्य
_9156264
942 _hO152,2M89:g, N7
_cTEXL
_2CC
999 _c365377
_d365377